Рентгенометрическая оценка температурных условий эксплуатации и разрушения трубных элементов паровых котлов; Известия Томского политехнического университета [Известия ТПУ]; Т. 319, № 4 : Энергетика

Dades bibliogràfiques
Parent link:Известия Томского политехнического университета [Известия ТПУ]/ Томский политехнический университет (ТПУ).— , 2000-
Т. 319, № 4 : Энергетика.— 2011.— [С. 39-45]
Altres autors: Фисенко Р. Н. Роман Николаевич, Макеев А. А. Анатолий Анатольевич, Любимова Л. Л. Людмила Леонидовна, Заворин А. С. Александр Сергеевич, Ташлыков А. А. Александр Анатольевич
Sumari:Заглавие с титульного листа
Электронная версия печатной публикации
На основе анализа интегральных интенсивностей дифракционных линий разработана и проанализирована методика оценки температурных условий эксплуатации и разрушения трубных элементов паровых котлов, обладающая низкой погрешностью и позволяющая решать многочисленные практические задачи. Достоверность результатов подтверждается тепловым, гидравлическим и аэродинамическим расчётами, а также тестированием с использованием образцов труб с известной историей эксплуатации.
Idioma:rus
Publicat: 2011
Col·lecció:Энергетика
Matèries:
Accés en línia:http://www.lib.tpu.ru/fulltext/v/Bulletin_TPU/2011/v319/i4/09.pdf
Format: MixedMaterials Electrònic Capítol de llibre
KOHA link:https://koha.lib.tpu.ru/cgi-bin/koha/opac-detail.pl?biblionumber=205934

MARC

LEADER 00000nla2a2200000 4500
001 205934
005 20231031190553.0
035 |a (RuTPU)RU\TPU\book\224471 
035 |a RU\TPU\book\224469 
090 |a 205934 
100 |a 20111221d2011 k y0rusy50 ca 
101 0 |a rus 
102 |a RU 
135 |a drnn ---uucaa 
181 0 |a i  
182 0 |a b 
200 1 |a Рентгенометрическая оценка температурных условий эксплуатации и разрушения трубных элементов паровых котлов  |b Электронный ресурс  |f Р. Н. Фисенко [и др.] 
203 |a Текст  |c электронный 
215 |a 1 файл (155 Кб) 
225 1 |a Энергетика 
230 |a Электронные текстовые данные (1 файл : 155 Кб) 
300 |a Заглавие с титульного листа 
300 |a Электронная версия печатной публикации 
320 |a [Библиогр.: с. 45 (10 назв.)] 
330 |a На основе анализа интегральных интенсивностей дифракционных линий разработана и проанализирована методика оценки температурных условий эксплуатации и разрушения трубных элементов паровых котлов, обладающая низкой погрешностью и позволяющая решать многочисленные практические задачи. Достоверность результатов подтверждается тепловым, гидравлическим и аэродинамическим расчётами, а также тестированием с использованием образцов труб с известной историей эксплуатации. 
337 |a Adobe Reader 
461 1 |0 (RuTPU)RU\TPU\book\176237  |t Известия Томского политехнического университета [Известия ТПУ]  |f Томский политехнический университет (ТПУ)  |d 2000- 
463 1 |0 (RuTPU)RU\TPU\book\224153  |x 1684-8519  |t Т. 319, № 4 : Энергетика  |v [С. 39-45]  |d 2011  |p 190 с. 
610 1 |a паровые котлы 
610 1 |a пароперегреватели 
610 1 |a рентгенометрия 
610 1 |a дифрактометры 
610 1 |a дифракционные линии 
610 1 |a интенсивность 
610 1 |a температура 
610 1 |a зерна 
610 1 |a текстуры 
610 1 |a рекристаллизация 
610 1 |a проектные ресурсы 
610 1 |a котельные стали 
610 1 |a измерение 
610 1 |a электронный ресурс 
610 1 |a труды учёных ТПУ 
701 1 |a Фисенко  |b Р. Н.  |c специалист в области парогенераторостроения и парогенераторных установок  |c инженер Томского политехнического университета  |f 1976-  |g Роман Николаевич  |2 stltpush  |3 (RuTPU)RU\TPU\pers\28620 
701 1 |a Макеев  |b А. А.  |c российский ученый в области теплоэнергетики  |c кандидат технических наук, доцент Томского политехнического университета  |f 1946-2008  |g Анатолий Анатольевич  |2 stltpush  |3 (RuTPU)RU\TPU\pers\24963 
701 1 |a Любимова  |b Л. Л.  |c российский ученый, специалист в области парогенераторных установок  |c доцент Томского политехнического университета, кандидат технических наук  |f 1947-  |g Людмила Леонидовна  |2 stltpush  |3 (RuTPU)RU\TPU\pers\25982 
701 1 |a Заворин  |b А. С.  |c специалист в области теплотехники  |c профессор Томского политехнического университета, доктор технических наук  |f 1946-  |g Александр Сергеевич  |2 stltpush  |3 (RuTPU)RU\TPU\pers\25896 
701 1 |a Ташлыков  |b А. А.  |c российский учёный в области парагенераторостроения  |c старший преподаватель Томского политехнического университета  |f 1979-  |g Александр Анатольевич  |2 stltpush  |3 (RuTPU)RU\TPU\pers\26912 
801 1 |a RU  |b 63413507  |c 20090623  |g PSBO 
801 2 |a RU  |b 63413507  |c 20211229  |g PSBO 
856 4 |u http://www.lib.tpu.ru/fulltext/v/Bulletin_TPU/2011/v319/i4/09.pdf 
942 |c CF